[Event "MVCC (Challenger)"]
[Site "Twin Falls, ID"]
[Date "2014.03.22"]
[Round "2.1"]
[White "Brimstein, Wesley"]
[Black "Patterson, Kevin R"]
[Result "1-0"]
[WhiteElo "1020"]
[BlackElo "1212"]
[EventRounds "4"]
[EventCountry "USA"]

1. d4 c6 2. Nf3 d5 3. e3 h6 4. Bd3 Bg4 5. h3 Bxf3 6. Qxf3 Nf6 7. Nc3 e6 8. a3
Bd6 9. e4 dxe4 10. Nxe4 Nxe4 11. Bxe4 Nd7 12. Bf4 Nf6 13. Bd3 Qc7 14. Bxd6
Qxd6 15. c3 O-O 16. O-O Rab8 17. Qe3 Rfe8 18. Rfe1 Rbc8 19. b4 Nd5 20. Qd2 e5
21. dxe5 Rxe5 22. Rxe5 Qxe5 23. Rc1 Qf6 24. c4 Nf4 25. Be4 Rd8 26. Qe3 a6 27.
Rc2 Qe5 28. f3 Rd1+ 29. Kf2 Nxh3+ 30. Ke2 Qa1 31. Qc3 Ng1+ 32. Ke3 Re1+ 33.
Kf2 Rf1+ 34. Kg3 Qd1 35. Bd3 Nxf3 36. Bxf1 Ng5 37. Qd3 Qh5 38. Be2 Qh1 39. Qd1
Qxd1 40. Bxd1 Ne6 41. Rd2 g6 42. Bc2 Kf8 43. Be4 Ke7 44. b5 axb5 45. cxb5 cxb5
46. Bxb7 Nc7 47. Bc6 f5 48. Rd7+ {#r} 1-0

[Event "MVCC (Challenger)"]
[Site "Twin Falls, ID"]
[Date "2014.03.22"]
[Round "3.2"]
[White "Weig, McLean"]
[Black "Patterson, Kevin R"]
[Result "0-1"]
[WhiteElo "1043"]
[BlackElo "1212"]
[EventRounds "4"]
[EventCountry "USA"]

1. e3 e5 2. d4 exd4 3. Qxd4 Nc6 4. Qd1 Nf6 5. Nc3 d6 6. b3 g6 7. Bb2 Bg7 8.
Qd2 O-O 9. O-O-O b6 10. Bb5 Bb7 11. f3 a6 12. Be2 Re8 13. g4 Ne5 14. g5 Nfd7
15. f4 Bxh1 16. fxe5 Nxe5 17. e4 f6 18. Nh3 Bf3 19. Rg1 Bxe2 20. Nxe2 Nf3 21.
Qd5+ Kf8 22. Rg2 Ne5 23. Nef4 Qe7 24. Bxe5 Qxe5 25. Qxe5 fxe5 26. Nd5 Rac8 27.
Rf2+ Kg8 28. Nf6+ Bxf6 29. Rxf6 Rf8 30. Re6 Rce8 31. Rf6 Kg7 32. Rxf8 Rxf8 33.
c4 Rf3 34. Ng1 Rf1+ 35. Kd2 Rxg1 36. b4 Rxg5 37. h4 Rg2+ 38. Kc3 Rxa2 39. b5
axb5 40. cxb5 Rh2 41. Kc4 Rxh4 42. Kd5 Rh3 43. Kc6 Rc3+ 44. Kd7 g5 45. Kc8 g4
46. Kb7 g3 47. Kc8 g2 48. Kb7 g1=Q 49. Kc8 Qg4+ 50. Kb7 Qxe4+ 51. Kc8 c6 52.
Kb7 cxb5+ 53. Kxb6 b4 54. Kb5 b3 55. Kb6 b2 56. Kb5 Qc4+ 57. Ka5 Qc5+ 58. Ka4
Rc4+ 59. Kb3 b1=Q# 0-1